| 000 | 00458nam a2200157 i 4500 | ||
|---|---|---|---|
| 001 | 145711 | ||
| 003 | ES-MaACL | ||
| 005 | 20230906201307.0 | ||
| 007 | t| | ||
| 008 | 071016s1919 xxu ||||1| eng d | ||
| 100 | 1 |
_aVeblen, Thorstein. _9113507 |
|
| 245 | 1 | 4 |
_aThe place of science in modern civilisation and other essays / _cby Thorstein Veblen. |
| 260 |
_aNew York : _bB. W. Huebsch, _c1918. |
||
| 300 |
_a509 p. ; _c19 cm. |
||
| 852 |
_aES-MaACL _jD-4166 |
||
| 999 |
_c145711 _d145711 |
||